[Event "LSS No Engine Cup 226 Preliminary 0"]
[Site "LSS email"]
[Date "2022.03.27"]
[Round "?"]
[White "Chester, Ian"]
[Black "Sternik, Ryszard"]
[Result "1-0"]
[WhiteElo "1715"]
[BlackElo "1810"]
[PlyCount "29"]
[EventDate "2022.03.27"]
[EventType "tourn (corr)"]
[EventRounds "6"]
[EventCountry "GER"]
[SourceTitle "Corr 2024"]
[Source "ChessBase"]
[SourceDate "2023.10.19"]
[SourceVersion "1"]
[SourceVersionDate "2023.10.19"]
[SourceQuality "1"]

1. d4 Nf6 2. c4 e6 3. Nc3 d5 4. cxd5 exd5 5. Bg5 Be7 6. e3 0-0 7. Bd3 h6 8. Bf4 c5 9. dxc5 Nbd7 10. Nge2 Nxc5 11. Bc2 Nce4 12. 0-0 Be6 13. Be5 Rc8 14. a3 Bd6 15. Bxd6 1-0

[Event "LSS No Engine Cup 226 Preliminary 0"]
[Site "LSS email"]
[Date "2022.03.27"]
[Round "?"]
[White "Sternik, Ryszard"]
[Black "Lombardi, Donato"]
[Result "0-1"]
[WhiteElo "1810"]
[BlackElo "1065"]
[PlyCount "40"]
[EventDate "2022.03.27"]
[EventType "tourn (corr)"]
[EventRounds "6"]
[EventCountry "GER"]
[SourceTitle "Corr 2024"]
[Source "ChessBase"]
[SourceDate "2023.10.19"]
[SourceVersion "1"]
[SourceVersionDate "2023.10.19"]
[SourceQuality "1"]

1. e4 e6 2. d4 d5 3. exd5 exd5 4. c4 c6 5. Nc3 Nf6 6. Nf3 Bd6 7. c5 Be7 8. Bd3 0-0 9. 0-0 Bg4 10. b4 b6 11. h3 Bh5 12. a3 bxc5 13. bxc5 Nbd7 14. Bf4 Qa5 15. Na2 Qxa3 16. Qd2 Rab8 17. Bxb8 Rxb8 18. Nc3 Qb4 19. Rfb1 Bxf3 20. Rxb4 Rxb4 0-1

[Event "SB-2022-0-00632"]
[Site "LSS email"]
[Date "2022.03.01"]
[Round "?"]
[White "Sternik, Ryszard"]
[Black "Knoeppel, Bjoern"]
[Result "0-1"]
[WhiteElo "1808"]
[BlackElo "1943"]
[PlyCount "42"]
[EventDate "2022.01.11"]
[EventType "tourn (corr)"]
[EventRounds "6"]
[EventCountry "GER"]
[SourceTitle "Corr 2024"]
[Source "ChessBase"]
[SourceDate "2023.10.19"]
[SourceVersion "1"]
[SourceVersionDate "2023.10.19"]
[SourceQuality "1"]

1. e4 e5 2. f4 d5 3. exd5 c6 4. Qe2 cxd5 5. fxe5 Nc6 6. Nf3 Bg4 7. b3 Bc5 8. c3 Rc8 9. Na3 Nge7 10. Nc2 d4 11. b4 Bb6 12. b5 Nxe5 13. Qxe5 0-0 14. Qf4 h5 15. Ncxd4 Nd5 16. Qg3 Re8+ 17. Be2 Rxc3 18. dxc3 Nxc3 19. Bg5 f6 20. Kf1 Nxe2 21. Nxe2 fxg5 0-1

[Event "SB-2022-0-00632"]
[Site "LSS email"]
[Date "2022.03.01"]
[Round "?"]
[White "Wittal, Werner"]
[Black "Sternik, Ryszard"]
[Result "1-0"]
[WhiteElo "1935"]
[BlackElo "1808"]
[PlyCount "53"]
[EventDate "2022.01.11"]
[EventType "tourn (corr)"]
[EventRounds "6"]
[EventCountry "GER"]
[SourceTitle "Corr 2024"]
[Source "ChessBase"]
[SourceDate "2023.10.19"]
[SourceVersion "1"]
[SourceVersionDate "2023.10.19"]
[SourceQuality "1"]

1. e4 c5 2. Nf3 d6 3. d4 cxd4 4. Nxd4 Nf6 5. Nc3 a6 6. g3 g6 7. Bg2 Bg7 8. 0-0 0-0 9. Re1 Bg4 10. Nde2 Nc6 11. h3 Bd7 12. Nd5 Ne5 13. c3 a5 14. a4 Rc8 15. Kh2 Bc6 16. Nxf6+ Bxf6 17. Nd4 Bd7 18. f4 Nc4 19. b3 e5 20. Ne2 exf4 21. gxf4 Nb6 22. Qxd6 Bxc3 23. Nxc3 Rxc3 24. Re3 Rc6 25. Qd4 Qc7 26. Ba3 Qxf4+ 27. Rg3 1-0

[Event "FICGS class C 000352 email"]
[Site "FICGS email"]
[Date "2022.02.19"]
[Round "1"]
[White "Javier, Christian"]
[Black "Sternik, Ryszard"]
[Result "1-0"]
[WhiteElo "1940"]
[BlackElo "1989"]
[PlyCount "55"]
[EventDate "2022.??.??"]
[EventType "tourn (corr)"]
[EventRounds "1"]
[SourceTitle "Corr 2024"]
[Source "ChessBase"]
[SourceDate "2023.10.19"]
[SourceVersion "1"]
[SourceVersionDate "2023.10.19"]
[SourceQuality "1"]

1. d4 Nf6 2. Nf3 d5 3. c4 e6 4. Nc3 Be7 5. Bf4 dxc4 6. e3 Nd5 7. Bxc4 Nxf4 8. exf4 Qd6 9. g3 0-0 10. Qe2 c6 11. 0-0-0 b5 12. Ne4 Qc7 13. Bd3 Na6 14. h4 Nb4 15. Ne5 f5 16. Ng5 h6 17. Kb1 Qd6 18. Ka1 Bf6 19. Bb1 a5 20. Ne4 fxe4 21. Qxe4 Rd8 22. g4 Bxe5 23. fxe5 Qf8 24. Rh3 g6 25. Rf3 Qe8 26. Rf6 Ra7 27. Rxg6+ Kh8 28. g5 1-0

[Event "FICGS class C 000352 email"]
[Site "FICGS email"]
[Date "2022.02.19"]
[Round "1"]
[White "Sternik, Ryszard"]
[Black "Dyson, John"]
[Result "1-0"]
[WhiteElo "1989"]
[BlackElo "2107"]
[PlyCount "41"]
[EventDate "2022.??.??"]
[EventType "tourn (corr)"]
[EventRounds "1"]
[SourceTitle "Corr 2024"]
[Source "ChessBase"]
[SourceDate "2023.10.19"]
[SourceVersion "1"]
[SourceVersionDate "2023.10.19"]
[SourceQuality "1"]

1. e4 e5 2. f4 d5 3. exd5 exf4 4. Nf3 Nf6 5. Bb5+ c6 6. dxc6 Nxc6 7. d4 Bd6 8. Qe2+ Be6 9. Ng5 0-0 10. Nxe6 Qb6 11. Nxf8 Nxd4 12. Nxh7 Bb4+ 13. c3 Nxe2 14. Nxf6+ Qxf6 15. Bxe2 Re8 16. Kd1 Rxe2 17. Kxe2 Qe6+ 18. Kd1 Qg4+ 19. Ke1 Qxg2 20. Rf1 f3 21. Rf2 1-0

[Event "FICGS class C 000298 email"]
[Site "FICGS email"]
[Date "2022.01.19"]
[Round "1"]
[White "Komppa, Jormaveikko"]
[Black "Sternik, Ryszard"]
[Result "1-0"]
[WhiteElo "1800"]
[BlackElo "1989"]
[PlyCount "73"]
[EventDate "2022.??.??"]
[EventType "tourn (corr)"]
[EventRounds "4"]
[SourceTitle "Corr 2024"]
[Source "ChessBase"]
[SourceDate "2023.10.19"]
[SourceVersion "1"]
[SourceVersionDate "2023.10.19"]
[SourceQuality "1"]

1. c4 Nf6 2. Nc3 e5 3. g3 Bc5 4. Bg2 d6 5. e3 Nc6 6. Nge2 0-0 7. d4 Bb6 8. 0-0 Re8 9. a3 exd4 10. exd4 Na5 11. Bg5 c6 12. c5 dxc5 13. dxc5 Qxd1 14. Rfxd1 Bd8 15. b4 Nc4 16. Rd4 Ne5 17. h3 a5 18. b5 Be7 19. Bf4 Nfd7 20. Ne4 cxb5 21. N2c3 Nc6 22. Rd2 Nxc5 23. Nxc5 Bxc5 24. Nxb5 Rf8 25. Nc7 Ra7 26. Rc2 Bd4 27. Re1 Bb6 28. Nd5 Bd4 29. Bd6 Bf5 30. Bxf8 Kxf8 31. Nc7 g6 32. Be4 Bxe4 33. Rxe4 Be5 34. Nb5 Ra6 35. a4 Rb6 36. Kg2 Kg7 37. Rd2 1-0

[Event "FICGS class C 000298 email"]
[Site "FICGS email"]
[Date "2022.01.19"]
[Round "1"]
[White "Sternik, Ryszard"]
[Black "Pintor, Manuel"]
[Result "1-0"]
[WhiteElo "1989"]
[BlackElo "1683"]
[PlyCount "65"]
[EventDate "2022.??.??"]
[EventType "tourn (corr)"]
[EventRounds "4"]
[SourceTitle "Corr 2024"]
[Source "ChessBase"]
[SourceDate "2023.10.19"]
[SourceVersion "1"]
[SourceVersionDate "2023.10.19"]
[SourceQuality "1"]

1. e4 e5 2. f4 Nc6 3. Nf3 Bc5 4. fxe5 Nxe5 5. Nxe5 Qh4+ 6. g3 Qxe4+ 7. Qe2 Qxe2+ 8. Bxe2 d6 9. Nd3 Bb6 10. b3 Bh3 11. Bb2 0-0-0 12. Nf4 Bf5 13. Bxg7 Ne7 14. Bxh8 Rxh8 15. c4 Be4 16. Rf1 Bxb1 17. Rxb1 Re8 18. Kd1 Nc6 19. Nd5 Ne5 20. Nxb6+ axb6 21. d4 Ng6 22. Rxf7 Re7 23. Bg4+ Kb8 24. Rxe7 Nxe7 25. Kc2 Nc6 26. Kc3 h6 27. Re1 Ka7 28. Re6 Ka6 29. Rxh6 b5 30. cxb5+ Kxb5 31. Bd7 Kb6 32. Bxc6 Kxc6 33. h4 1-0

[Event "FICGS class C 000298 email"]
[Site "FICGS email"]
[Date "2022.01.19"]
[Round "1"]
[White "Tedoldi, Guido"]
[Black "Sternik, Ryszard"]
[Result "0-1"]
[WhiteElo "1580"]
[BlackElo "1989"]
[PlyCount "72"]
[EventDate "2022.??.??"]
[EventType "tourn (corr)"]
[EventRounds "4"]
[SourceTitle "Corr 2024"]
[Source "ChessBase"]
[SourceDate "2023.10.19"]
[SourceVersion "1"]
[SourceVersionDate "2023.10.19"]
[SourceQuality "1"]

1. c4 Nf6 2. Nc3 e5 3. d3 Nc6 4. e4 Bc5 5. h3 h6 6. Nf3 0-0 7. Be2 d6 8. 0-0 a5 9. Bd2 Nd4 10. Nxd4 Bxd4 11. Be3 c6 12. Qd2 Be6 13. Bxd4 exd4 14. Nd1 Qb8 15. f4 b5 16. f5 Bd7 17. Rf3 bxc4 18. Nf2 Qb4 19. Qxb4 axb4 20. dxc4 c5 21. b3 Rfe8 22. h4 Nxe4 23. Nxe4 Rxe4 24. Bd3 Rxh4 25. Rf2 f6 26. Re1 Kf8 27. Rfe2 Rf4 28. Rf1 Rxf1+ 29. Kxf1 Re8 30. g4 Rxe2 31. Kxe2 g6 32. Kf3 h5 33. gxh5 Bxf5 34. Bxf5 gxf5 35. Kf4 Kg7 36. Kf3 Kh6 0-1

[Event "FICGS theme 0250 email"]
[Site "FICGS email"]
[Date "2022.01.11"]
[Round "1"]
[White "Sternik, Ryszard"]
[Black "Talek, Jan"]
[Result "1-0"]
[WhiteElo "1989"]
[BlackElo "2000"]
[PlyCount "57"]
[EventDate "2022.??.??"]
[EventType "swiss (corr)"]
[EventRounds "1"]
[SourceTitle "Corr 2024"]
[Source "ChessBase"]
[SourceDate "2023.10.19"]
[SourceVersion "1"]
[SourceVersionDate "2023.10.19"]
[SourceQuality "1"]

1. d4 d5 2. Nf3 Nf6 3. c4 e6 4. Nc3 c6 5. Qd3 dxc4 6. Qxc4 b5 7. Qd3 a6 8. g4 c5 9. g5 c4 10. Qe3 Nd5 11. Nxd5 Qxd5 12. Bd2 Nc6 13. Bg2 Bb7 14. 0-0 Rd8 15. Ne5 Qxg2+ 16. Kxg2 Nxe5+ 17. f3 Ng6 18. Qc3 Bd6 19. a4 b4 20. Qxc4 0-0 21. e4 Rc8 22. Qb3 a5 23. Rfc1 Nh4+ 24. Kh3 Ng6 25. Rxc8 Bxc8 26. Qc4 e5+ 27. Kg3 exd4+ 28. f4 Bb7 29. e5 1-0

[Event "FICGS no engines 119 email"]
[Site "FICGS email"]
[Date "2021.12.09"]
[Round "1"]
[White "Bussoli, Marco"]
[Black "Sternik, Ryszard"]
[Result "1/2-1/2"]
[WhiteElo "1966"]
[BlackElo "1970"]
[PlyCount "62"]
[EventDate "2021.??.??"]
[EventType "swiss (corr)"]
[EventRounds "1"]
[SourceTitle "Corr 2024"]
[Source "ChessBase"]
[SourceDate "2023.10.19"]
[SourceVersion "1"]
[SourceVersionDate "2023.10.19"]
[SourceQuality "1"]

1. d4 Nf6 2. c4 e6 3. Nc3 d5 4. Bg5 Be7 5. Nf3 h6 6. Bh4 0-0 7. e3 b6 8. Be2 Bb7 9. 0-0 Nbd7 10. Rc1 c5 11. Bg3 dxc4 12. Bxc4 Nh5 13. d5 Nxg3 14. hxg3 exd5 15. Bxd5 Bxd5 16. Nxd5 Nf6 17. Nxf6+ Bxf6 18. Qxd8 Rfxd8 19. b3 a5 20. Rc4 Rd3 21. Rb1 Bc3 22. a3 Rad8 23. Kf1 f6 24. Ke2 Kf7 25. Re4 h5 26. g4 hxg4 27. Rxg4 g5 28. Re4 R8d5 29. Rh1 Kg6 30. g4 Rd8 31. Re6 R3d6 1/2-1/2

[Event "FICGS no engines 119 email"]
[Site "FICGS email"]
[Date "2021.12.09"]
[Round "1"]
[White "Cruz Ramirez, Eliecer"]
[Black "Sternik, Ryszard"]
[Result "1/2-1/2"]
[WhiteElo "1929"]
[BlackElo "1970"]
[PlyCount "65"]
[EventDate "2021.??.??"]
[EventType "swiss (corr)"]
[EventRounds "1"]
[SourceTitle "Corr 2024"]
[Source "ChessBase"]
[SourceDate "2023.10.19"]
[SourceVersion "1"]
[SourceVersionDate "2023.10.19"]
[SourceQuality "1"]

1. d4 Nf6 2. c4 e6 3. Nf3 d5 4. Nc3 Be7 5. Bf4 dxc4 6. e3 Nd5 7. Bxc4 Nxf4 8. exf4 0-0 9. 0-0 Qd6 10. g3 c6 11. Qc2 Nd7 12. Rfe1 Nb6 13. Ne4 Qc7 14. Bf1 Nd5 15. Rac1 Nf6 16. Red1 Nxe4 17. Qxe4 Qb6 18. Rb1 a5 19. Ne5 a4 20. h4 g6 21. h5 Kg7 22. Bd3 Rd8 23. hxg6 hxg6 24. Nxf7 Kxf7 25. Qxg6+ Kf8 26. Be4 Rd6 27. Kg2 Ra5 28. Rd3 Qd8 29. Rh1 Bf6 30. Rh7 Rd7 31. Qh6+ Kg8 32. g4 Rxh7 33. Bxh7+ 1/2-1/2

[Event "LSS No Engine Cup 223 Preliminary 0"]
[Site "LSS email"]
[Date "2021.11.19"]
[Round "?"]
[White "Gadomez, Osam"]
[Black "Sternik, Ryszard"]
[Result "0-1"]
[WhiteElo "1600"]
[BlackElo "1750"]
[PlyCount "42"]
[EventDate "2021.11.19"]
[EventType "tourn (corr)"]
[EventRounds "6"]
[EventCountry "GER"]
[SourceTitle "Corr 2024"]
[Source "ChessBase"]
[SourceDate "2023.10.19"]
[SourceVersion "1"]
[SourceVersionDate "2023.10.19"]
[SourceQuality "1"]

1. d4 Nf6 2. Nf3 d5 3. Bf4 c5 4. c3 cxd4 5. cxd4 Qb6 6. Qc2 Nc6 7. e3 Bf5 8. Qc1 Nb4 9. Na3 Rc8 10. Qd2 Nc2+ 11. Nxc2 Rxc2 12. Qd1 e5 13. Bd3 Qb4+ 14. Kf1 Bxd3+ 15. Qxd3 Qxb2 16. Bg3 Qxa1+ 17. Ne1 Rb2 18. f3 e4 19. fxe4 Nxe4 20. a4 Bb4 21. Qb5+ Kf8 0-1

[Event "LSS No Engine Cup 223 Preliminary 0"]
[Site "LSS email"]
[Date "2021.11.19"]
[Round "?"]
[White "Ramponelli, Roberto"]
[Black "Sternik, Ryszard"]
[Result "0-1"]
[WhiteElo "1582"]
[BlackElo "1750"]
[PlyCount "48"]
[EventDate "2021.11.19"]
[EventType "tourn (corr)"]
[EventRounds "6"]
[EventCountry "GER"]
[SourceTitle "Corr 2024"]
[Source "ChessBase"]
[SourceDate "2023.10.19"]
[SourceVersion "1"]
[SourceVersionDate "2023.10.19"]
[SourceQuality "1"]

1. d4 Nf6 2. c4 e6 3. Nc3 d5 4. Bg5 Be7 5. e3 0-0 6. Nf3 h6 7. Bh4 b6 8. Rc1 Bb7 9. Bd3 c5 10. cxd5 Nxd5 11. Bxe7 Qxe7 12. dxc5 Rd8 13. Nxd5 Rxd5 14. 0-0 Nc6 15. Qe2 Nb4 16. Bb1 Ba6 17. Qe1 Rxc5 18. a3 Nd3 19. Qd2 Nxc1 20. Rxc1 Rxc1+ 21. Qxc1 Rc8 22. Qd2 Qc7 23. h3 Qc1+ 24. Qxc1 Rxc1+ 0-1

[Event "FICGS rapid B 000370 email"]
[Site "FICGS email"]
[Date "2021.11.02"]
[Round "1"]
[White "Pech, Matej"]
[Black "Sternik, Ryszard"]
[Result "0-1"]
[WhiteElo "1794"]
[BlackElo "2009"]
[PlyCount "58"]
[EventDate "2021.??.??"]
[EventType "tourn (rapid)"]
[EventRounds "6"]
[SourceTitle "Corr 2024"]
[Source "ChessBase"]
[SourceDate "2023.10.19"]
[SourceVersion "1"]
[SourceVersionDate "2023.10.19"]
[SourceQuality "1"]

1. d4 Nf6 2. c4 e6 3. Nc3 d5 4. Nf3 Bb4 5. Bg5 h6 6. Bxf6 Qxf6 7. e3 Nc6 8. Qb3 a5 9. a3 a4 10. Qc2 Bxc3+ 11. Qxc3 0-0 12. Be2 Bd7 13. 0-0 Rfc8 14. Rac1 Qe7 15. Bd1 Na5 16. cxd5 exd5 17. Ne5 Bb5 18. Re1 c6 19. h3 Re8 20. Bc2 Qd6 21. Rcd1 Re7 22. e4 b6 23. Re3 dxe4 24. Rxe4 Rae8 25. Qf3 c5 26. Rg4 Qe6 27. Qg3 g5 28. Nf3 f6 29. dxc5 bxc5 0-1

[Event "FICGS rapid B 000370 email"]
[Site "FICGS email"]
[Date "2021.11.02"]
[Round "1"]
[White "Sternik, Ryszard"]
[Black "Vollmer, Steve"]
[Result "1-0"]
[WhiteElo "2009"]
[BlackElo "1753"]
[PlyCount "43"]
[EventDate "2021.??.??"]
[EventType "tourn (rapid)"]
[EventRounds "6"]
[SourceTitle "Corr 2024"]
[Source "ChessBase"]
[SourceDate "2023.10.19"]
[SourceVersion "1"]
[SourceVersionDate "2023.10.19"]
[SourceQuality "1"]

1. e4 e5 2. f4 exf4 3. Nf3 Be7 4. Nc3 d6 5. Bc4 Nc6 6. d4 g5 7. h4 g4 8. Ng5 Bxg5 9. hxg5 Nge7 10. Bxf4 Ng6 11. Be3 Qe7 12. Nd5 Qd8 13. Nf6+ Kf8 14. Nxg4 Kg7 15. Qf3 Qe7 16. Nf6 Be6 17. d5 Nce5 18. Qh5 Ng4 19. dxe6 fxe6 20. Nxg4 Raf8 21. Bd4+ Kg8 22. Nh6# 1-0

[Event "LSS No Engine Cup 219 Preliminary 0"]
[Site "LSS email"]
[Date "2021.07.10"]
[Round "?"]
[White "Schnoewitz, Brigitte"]
[Black "Sternik, Ryszard"]
[Result "0-1"]
[WhiteElo "1254"]
[BlackElo "1600"]
[PlyCount "50"]
[EventDate "2021.07.10"]
[EventType "tourn (corr)"]
[EventRounds "6"]
[EventCountry "GER"]
[SourceTitle "Corr 2024"]
[Source "ChessBase"]
[SourceDate "2023.10.19"]
[SourceVersion "1"]
[SourceVersionDate "2023.10.19"]
[SourceQuality "1"]

1. d4 Nf6 2. Bf4 c5 3. c3 e6 4. e3 Nc6 5. Nf3 cxd4 6. exd4 Be7 7. h3 0-0 8. Be2 d6 9. 0-0 Qc7 10. b4 e5 11. dxe5 dxe5 12. Bh2 Rd8 13. Qc2 Nxb4 14. Qb2 Nc6 15. Nbd2 Nd5 16. Rfc1 Bf5 17. a3 Bg6 18. Nd4 Qb6 19. Qxb6 axb6 20. Nxc6 bxc6 21. Bxe5 f6 22. Bh2 Bxa3 23. c4 Bxc1 24. Rxc1 Nc3 25. Rxc3 Rxd2 0-1

[Event "LSS No Engine Cup 219 Preliminary 0"]
[Site "LSS email"]
[Date "2021.07.10"]
[Round "?"]
[White "Sternik, Ryszard"]
[Black "Kolanek, Roman"]
[Result "0-1"]
[WhiteElo "1600"]
[BlackElo "2327"]
[PlyCount "78"]
[EventDate "2021.07.10"]
[EventType "tourn (corr)"]
[EventRounds "6"]
[EventCountry "GER"]
[SourceTitle "Corr 2024"]
[Source "ChessBase"]
[SourceDate "2023.10.19"]
[SourceVersion "1"]
[SourceVersionDate "2023.10.19"]
[SourceQuality "1"]

1. e4 c5 2. Nf3 d6 3. d4 cxd4 4. Qxd4 Nf6 5. e5 Nc6 6. Bb5 Qa5+ 7. Nc3 Qxb5 8. Nxb5 Nxd4 9. Nbxd4 dxe5 10. Nxe5 g6 11. 0-0 Bg7 12. Re1 0-0 13. Nef3 e6 14. b3 Rd8 15. Bb2 Nd5 16. Rad1 Bd7 17. a4 Be8 18. Ne5 g5 19. g3 Rac8 20. c4 Nc7 21. f4 gxf4 22. gxf4 f6 23. Nd3 Bf8 24. Bc3 Rd7 25. Nf2 Rcd8 26. Ne4 Be7 27. Rd2 Bg6 28. Kf2 Bxe4 29. Rxe4 f5 30. Re3 Bc5 31. Red3 e5 32. fxe5 Ne6 33. Ke3 Nxd4 34. Bxd4 Rxd4 35. Rxd4 a5 36. Rg2+ Kf7 37. Kf4 Rxd4+ 38. Kxf5 b6 39. e6+ Kf8 0-1

[Event "FICGS theme 0002 email"]
[Site "FICGS email"]
[Date "2021.05.25"]
[Round "1"]
[White "Sternik, Ryszard"]
[Black "Wiaderek, Piotr"]
[Result "1/2-1/2"]
[WhiteElo "2034"]
[BlackElo "2098"]
[PlyCount "55"]
[EventDate "2021.??.??"]
[EventType "swiss (corr)"]
[EventRounds "1"]
[SourceTitle "Corr 2022"]
[Source "ChessBase"]
[SourceDate "2021.10.24"]
[SourceVersion "1"]
[SourceVersionDate "2021.10.24"]
[SourceQuality "1"]

1. d4 Nf6 2. c4 e6 3. Nf3 b6 4. a3 Bb7 5. Nc3 d5 6. cxd5 Nxd5 7. Bd2 Nxc3 8. Bxc3 Bd6 9. g3 Nd7 10. Bg2 0-0 11. 0-0 Nf6 12. Nd2 Bxg2 13. Kxg2 Be7 14. e4 Rc8 15. Qe2 c5 16. dxc5 Rxc5 17. Rfd1 Qa8 18. f3 Qb7 19. Nb3 Rc7 20. Nd4 a6 21. Bb4 Rfc8 22. Bxe7 Rxe7 23. b4 Rd7 24. Rd3 h6 25. Rad1 Rdc7 26. b5 Rc4 27. R1d2 Rf8 28. Rb2 1/2-1/2

[Event "SB-2021-0-00613"]
[Site "LSS email"]
[Date "2021.03.27"]
[Round "?"]
[White "Kraujunas, Vladas"]
[Black "Sternik, Ryszard"]
[Result "1/2-1/2"]
[WhiteElo "1869"]
[BlackElo "1923"]
[PlyCount "79"]
[EventDate "2021.02.22"]
[EventType "tourn (corr)"]
[EventRounds "6"]
[EventCountry "GER"]
[SourceTitle "Corr 2024"]
[Source "ChessBase"]
[SourceDate "2023.10.19"]
[SourceVersion "1"]
[SourceVersionDate "2023.10.19"]
[SourceQuality "1"]

1. e4 d5 2. exd5 Qxd5 3. Nc3 Qa5 4. d4 Nf6 5. Nf3 c6 6. Bc4 Bf5 7. Bd2 e6 8. Qe2 Bb4 9. 0-0-0 Nbd7 10. a3 Bxc3 11. Bxc3 Qc7 12. Ne5 0-0 13. f3 Nd5 14. Bxd5 exd5 15. g4 Nxe5 16. dxe5 Be6 17. f4 c5 18. f5 d4 19. fxe6 dxc3 20. exf7+ Rxf7 21. bxc3 Qa5 22. Kb2 Qb6+ 23. Ka2 Qe6+ 24. Ka1 Rf4 25. Rd6 Qxg4 26. Qd2 Re8 27. Re1 Qh4 28. Re2 Rf1+ 29. Kb2 Qf4 30. Qd5+ Kh8 31. Rd8 Qc1+ 32. Kb3 Qb1+ 33. Ka4 Rf4+ 34. c4 Rxc4+ 35. Qxc4 Rxd8 36. e6 Qf1 37. e7 Re8 38. Qb5 Qf7 39. Qxc5 h6 40. Re4 1/2-1/2

[Event "SB-2021-0-00613"]
[Site "LSS email"]
[Date "2021.03.27"]
[Round "?"]
[White "Sandocal, Uezmir"]
[Black "Sternik, Ryszard"]
[Result "1-0"]
[WhiteElo "1884"]
[BlackElo "1923"]
[PlyCount "83"]
[EventDate "2021.02.22"]
[EventType "tourn (corr)"]
[EventRounds "6"]
[EventCountry "GER"]
[SourceTitle "Corr 2024"]
[Source "ChessBase"]
[SourceDate "2023.10.19"]
[SourceVersion "1"]
[SourceVersionDate "2023.10.19"]
[SourceQuality "1"]

1. d4 Nf6 2. Nf3 d5 3. c4 e6 4. Nc3 Be7 5. Bf4 0-0 6. e3 Nbd7 7. Be2 dxc4 8. Bxc4 a6 9. a4 Nb6 10. Be2 Nbd5 11. Be5 Bb4 12. Qc2 Ne4 13. 0-0 Ndxc3 14. bxc3 Nxc3 15. Bd3 f5 16. Rfc1 a5 17. Qb3 Nd5 18. e4 fxe4 19. Bxe4 c6 20. Qc2 h6 21. Bh7+ Kh8 22. Bd3 Qe7 23. Qd1 Bd7 24. Bb1 Be8 25. Qd3 Nf6 26. Ra2 Bh5 27. Nh4 Kg8 28. g4 Bxg4 29. f4 Bh5 30. Rg2 Rad8 31. Ng6 Bxg6 32. Qxg6 Rf7 33. Qxh6 Bd2 34. Rf1 Be3+ 35. Kh1 Rd6 36. d5 exd5 37. Qh3 d4 38. Bf5 b6 39. Rg4 Rf8 40. Rg5 Rf7 41. Rf3 c5 42. Rfg3 1-0